<?xml version="1.0" encoding="UTF-8"?>
<record
    xmlns:xsi="http://www.w3.org/2001/XMLSchema-instance"
    xsi:schemaLocation="http://www.loc.gov/MARC21/slim http://www.loc.gov/standards/marcxml/schema/MARC21slim.xsd"
    xmlns="http://www.loc.gov/MARC21/slim">

  <leader>01036nam a2200229Ia 4500</leader>
  <datafield tag="952" ind1=" " ind2=" ">
    <subfield code="0">0</subfield>
    <subfield code="1">0</subfield>
    <subfield code="4">0</subfield>
    <subfield code="7">0</subfield>
    <subfield code="a">11</subfield>
    <subfield code="b">11</subfield>
    <subfield code="d">2007-01-08</subfield>
    <subfield code="l">11</subfield>
    <subfield code="o">BF683 C622 1988</subfield>
    <subfield code="p">11 000347</subfield>
    <subfield code="r">2017-10-12</subfield>
    <subfield code="s">2017-10-12</subfield>
    <subfield code="t">2</subfield>
    <subfield code="w">2012-06-26</subfield>
    <subfield code="y">LB</subfield>
  </datafield>
  <datafield tag="999" ind1=" " ind2=" ">
    <subfield code="c">68459</subfield>
    <subfield code="d">68459</subfield>
  </datafield>
  <controlfield tag="008">120626s1988    sp a          000 0 spa d</controlfield>
  <datafield tag="020" ind1=" " ind2=" ">
    <subfield code="a">8433003577</subfield>
  </datafield>
  <datafield tag="050" ind1=" " ind2=" ">
    <subfield code="a">BF683 </subfield>
    <subfield code="b">C622 1988</subfield>
  </datafield>
  <datafield tag="100" ind1=" " ind2=" ">
    <subfield code="a">Cofer, Charles Norval</subfield>
    <subfield code="e">, autor.</subfield>
  </datafield>
  <datafield tag="245" ind1=" " ind2=" ">
    <subfield code="a">Motivaci&#xF3;n y emoci&#xF3;n </subfield>
    <subfield code="c">/ Charles N. Cofer</subfield>
  </datafield>
  <datafield tag="260" ind1=" " ind2=" ">
    <subfield code="a">Espa&#xF1;a </subfield>
    <subfield code="b">: Descl&#xE9;e de Brouwer</subfield>
    <subfield code="c">, 1988</subfield>
  </datafield>
  <datafield tag="300" ind1=" " ind2=" ">
    <subfield code="a">214 p&#xE1;ginas</subfield>
    <subfield code="b">: ilustraciones</subfield>
  </datafield>
  <datafield tag="490" ind1=" " ind2=" ">
    <subfield code="a">Biblioteca de psicolog&#xED;a</subfield>
    <subfield code="v">: 3</subfield>
  </datafield>
  <datafield tag="500" ind1=" " ind2=" ">
    <subfield code="a">T&#xED;tulo original: Motivation and emotion</subfield>
  </datafield>
  <datafield tag="500" ind1=" " ind2=" ">
    <subfield code="a">Incluye: Introducci&#xF3;n /  Conclusiones / &#xCD;ndice de autores / &#xCD;ndice anal&#xED;tico </subfield>
  </datafield>
  <datafield tag="504" ind1=" " ind2=" ">
    <subfield code="a">Bibliograf&#xED;a (pp. 195-206)</subfield>
  </datafield>
  <datafield tag="505" ind1=" " ind2=" ">
    <subfield code="a">Conceptos motivacionales  
Aspectos biol&#xF3;gicos de la motivaci&#xF3;n   
Emoci&#xF3;n  
Estimulaci&#xF3;n externa  
Incentivos y refuerzo  
Algunos sistemas motivacionales en el ser humano  
Conflicto y teor&#xED;as del equilibrio o de la consecuencia</subfield>
  </datafield>
  <datafield tag="519" ind1=" " ind2=" ">
    <subfield code="a">Material Complementario / </subfield>
    <subfield code="b">Psicolog&#xED;a / </subfield>
    <subfield code="d">(11 000347)</subfield>
  </datafield>
  <datafield tag="650" ind1=" " ind2="0">
    <subfield code="a">MOTIVACI&#xD3;N (PSICOLOG&#xCD;A)</subfield>
  </datafield>
  <datafield tag="650" ind1=" " ind2="0">
    <subfield code="a">EMOCI&#xD3;N </subfield>
  </datafield>
  <datafield tag="942" ind1=" " ind2=" ">
    <subfield code="c">LB</subfield>
  </datafield>
</record>
